English literature: From the 16th century to the present (Record no. 193205)

MARC details
000 -LEADER
fixed length control field 00372nam a2200145Ia 4500
008 - FIXED-LENGTH DATA ELEMENTS--GENERAL INFORMATION
fixed length control field 230917s9999||||xx |||||||||||||| ||und||
040 ## - CATALOGING SOURCE
-- 128912
Original cataloging agency VIVEKANANDA LIBRARY
041 ## - Language
-- English
082 ## - DDC NUMBER
Classification number 820.016 L846E
100 ## - MAIN ENTRY--PERSONAL NAME
Personal name Longmans
245 #0 - TITLE STATEMENT
Title English literature: From the 16th century to the present
260 ## - PUBLICATION, DISTRIBUTION, ETC. (IMPRINT)
Place of publication, distribution, etc London
Name of publisher, distributor, etc Longmans
Date of publication, distribution, etc 1965
300 ## - PHYSICAL DESCRIPTION
Pages 161 p.
942 ## - ADDED ENTRY ELEMENTS (KOHA)
Koha item type Books
Holdings
Withdrawn status Lost status Damaged status Not for loan Location (home branch) Sublocation or collection (holding branch) Date acquired Koha issues (times borrowed) Koha full call number Accession No. Koha date last seen Koha item type
        VIVEKANANDA LIBRARY VIVEKANANDA LIBRARY 30/01/2010   820.016 L846E 5076 17/09/2023 Books
© Designed and Maintained by Vivekananda Library, MDU Rohtak